[Event "SR 3. liga A2 2009/2010"]
[Site "?"]
[Date "2010.01.17"]
[Round "6.8"]
[White "Husek, Lubomir"]
[Black "Gasa, Patrik"]
[Result "1-0"]
[WhiteElo "1749"]
[BlackElo "1465"]
[PlyCount "137"]
[EventDate "2009.??.??"]

1. e4 c5 2. Nf3 d6 3. d4 cxd4 4. Nxd4 Nf6 5. Nc3 g6 6. Be3 Bg7 7. f3 a6 8. Bc4
Nc6 9. Qd2 Nxd4 10. Bxd4 O-O 11. O-O-O Qc7 12. Bb3 Bd7 13. g4 Rfc8 14. h4 b5
$11 15. h5 a5 16. hxg6 hxg6 17. Nd5 Qd8 18. Nxf6+ exf6 19. Qh2 Be6 20. Qh7+ Kf8
21. Bxe6 fxe6 22. Qxg6 Qc7 23. Rd2 Qf7 24. Qxf7+ Kxf7 25. Be3 Rd8 26. Rh4 e5
27. Rdh2 d5 28. exd5 Rxd5 29. Rh7 Rad8 30. Rd2 Rxd2 $11 31. Bxd2 Kg6 32. Rh5 a4
33. a3 Rf8 34. Kd1 Rd8 35. Ke2 Rd4 36. c3 Rc4 37. Rh1 f5 38. gxf5+ Kxf5 39. Rg1
Bf6 40. Rg8 Rc5 41. Rb8 Rd5 42. Be3 Bh4 43. c4 bxc4 44. Rb4 Ra5 45. Rxc4 Bf6
46. Bd2 Ra6 47. Bc3 Be7 48. Re4 Bd6 49. Kd3 Ra7 50. Kc4 Ke6 $11 51. Kb5 Rf7 52.
Kxa4 Rxf3 53. Kb3 Kd5 54. Rh4 Rf4 55. Rh8 Rf2 56. a4 e4 57. Re8 Re2 58. a5 Bc5
59. Re5+ Kc6 60. Kc4 Ba7 61. b4 e3 62. b5+ Kc7 63. Re7+ Kb8 64. b6 Bxb6 65.
axb6 Rc2 66. Kd3 Rc1 67. Be5+ Kc8 68. Rc7+ Rxc7 69. bxc7 1-0

[Event "SR 3. liga A2 2009/2010"]
[Site "?"]
[Date "2010.01.17"]
[Round "6.1"]
[White "Pribila, Gerhard"]
[Black "Kapusta, Petr"]
[Result "1-0"]
[WhiteElo "2030"]
[BlackElo "2135"]
[PlyCount "85"]
[EventDate "2009.??.??"]

1. e4 c5 2. c3 Qa5 3. Nf3 d6 4. d4 cxd4 5. Nxd4 Nf6 6. Bd3 a6 7. O-O g6 8. Be3
Bg7 9. f3 O-O 10. Na3 Nc6 11. Nc4 Qc7 12. Nxc6 Qxc6 13. Nb6 Rb8 14. Nxc8 Rbxc8
15. Qd2 Nd7 16. Bc2 Ne5 17. Bb3 Nc4 18. Bxc4 Qxc4 19. Rfd1 b5 20. Bd4 Rc6 21.
Bxg7 Kxg7 22. Qd4+ Qxd4+ 23. Rxd4 Rfc8 24. Rad1 a5 25. a3 Rc4 26. Kf2 h5 27.
Ke3 R8c5 28. Rxc4 Rxc4 29. Rd5 Rc5 30. Rxc5 dxc5 31. a4 b4 32. Kd3 Kf6 33. Kc4
Ke5 34. Kxc5 bxc3 35. bxc3 f5 36. Kb5 fxe4 37. fxe4 Kxe4 38. c4 Kd3 39. c5 e5
40. c6 e4 41. c7 e3 42. c8=Q e2 43. Qc1 1-0

[Event "SR 3. liga A2 2009/2010"]
[Site "?"]
[Date "2010.01.17"]
[Round "6.2"]
[White "Hudacek, Josef"]
[Black "Pribila, Michal"]
[Result "0-1"]
[WhiteElo "2070"]
[BlackElo "2078"]
[PlyCount "84"]
[EventDate "2009.??.??"]

1. e4 c5 2. Ne2 Nc6 3. Nbc3 Nf6 4. g3 d5 5. Bg2 d4 6. Nb1 d3 7. cxd3 e5 8. d4
Nxd4 9. O-O Be7 10. Na3 Bg4 11. f3 Be6 12. Nc2 Nxe2+ 13. Qxe2 Qd7 14. b3 Rd8
15. Rd1 O-O 16. Bb2 Qc7 17. Ne3 Nd7 18. Rac1 Qb8 19. Rf1 Bg5 20. h4 Bxe3+ 21.
Qxe3 Rfe8 22. f4 exf4 23. gxf4 f5 24. Qc3 Re7 25. Rce1 Qd6 26. e5 Qb6 27. Kh1
Nb8 28. Rg1 Red7 29. Re2 Rd3 30. Qc1 Nc6 31. Qe1 Qb4 32. Qf2 Rxd2 33. Rxd2 Rxd2
34. Qg3 Rd7 35. h5 Nd4 36. Bf1 Qd2 37. Bc3 Ne2 38. Bxe2 Qxe2 39. h6 Bd5+ 40.
Rg2 Qf1+ 41. Kh2 Bxg2 42. Qxg2 Qxf4+ 0-1

[Event "SR 3. liga A2 2009/2010"]
[Site "?"]
[Date "2010.01.17"]
[Round "6.3"]
[White "Kocak, Branislav"]
[Black "Kubis, Ivan"]
[Result "1-0"]
[WhiteElo "1934"]
[BlackElo "2025"]
[PlyCount "51"]
[EventDate "2009.??.??"]

1. d4 Nf6 2. c4 e6 3. Nf3 b6 4. Bg5 Be7 5. e3 Bb7 6. Nc3 d5 7. Bd3 dxc4 8. Bxc4
O-O 9. O-O Nbd7 10. Re1 Ne4 11. Bxe7 Qxe7 12. Bd3 Nxc3 13. bxc3 c5 14. e4 Rfc8
15. Qe2 cxd4 16. cxd4 Qa3 17. Rad1 Rc3 18. d5 exd5 19. exd5 Nf6 20. d6 Bd5 21.
d7 Nxd7 22. Be4 Bxe4 23. Qxe4 Rd8 24. Ne5 Rc7 25. Nxd7 Rcxd7 26. Rxd7 1-0

[Event "SR 3. liga A2 2009/2010"]
[Site "?"]
[Date "2010.01.17"]
[Round "6.4"]
[White "Londin, Martin"]
[Black "Valla, Tomas"]
[Result "1-0"]
[WhiteElo "2005"]
[BlackElo "1780"]
[PlyCount "65"]
[EventDate "2009.??.??"]

1. e4 c5 2. Nf3 d6 3. h3 Nf6 4. Nc3 g6 5. d4 cxd4 6. Nxd4 Bg7 7. Be3 Nc6 8. Be2
Qa5 9. O-O Qb4 10. a3 Qa5 11. Rb1 a6 12. b4 Qc7 13. Nd5 Nxd5 14. exd5 Ne5 15.
b5 Nc4 16. Bc1 O-O 17. Rb4 Ne5 18. b6 Qd8 19. Be3 Nd7 20. Qb1 Nc5 21. Nb3 Nd7
22. Nd4 Nc5 23. Rc4 Bd7 24. Rb4 Be8 25. c4 Rc8 26. Bd1 Ne4 27. Qxe4 Bd7 28. Qd3
e5 29. dxe6 fxe6 30. Bf3 d5 31. cxd5 Bxd4 32. Qxd4 Bb5 33. Rd1 1-0

[Event "SR 3. liga A2 2009/2010"]
[Site "?"]
[Date "2010.01.17"]
[Round "6.5"]
[White "Brunovsky, Peter"]
[Black "Vepy, Ivan"]
[Result "0-1"]
[WhiteElo "1762"]
[BlackElo "1920"]
[PlyCount "72"]
[EventDate "2009.??.??"]

1. d4 d5 2. Nf3 Nf6 3. Bf4 Nc6 4. e3 Bg4 5. Nbd2 h6 6. c3 g5 7. Bg3 Bg7 8. Bd3
Nd7 9. Qa4 a6 10. h4 Nb6 11. Qc2 Bxf3 12. gxf3 e6 13. O-O-O Qe7 14. hxg5 hxg5
15. Rxh8+ Bxh8 16. Rh1 O-O-O 17. f4 gxf4 18. exf4 Kb8 19. Nf3 Ka7 20. Kb1 Nc4
21. Bxc4 dxc4 22. Nd2 Qd7 23. Rh4 b5 24. Ka1 Rb8 25. Ne4 f5 26. Nc5 Qd5 27. Rh7
Bxd4 28. Nxa6 Kxa6 29. cxd4 Nxd4 30. Qc1 c5 31. b4 cxb4 32. f3 Ne2 33. Bf2 Rb7
34. Rh8 Rd7 35. Rb8 Nxc1 36. Rb6+ Ka5 0-1

[Event "SR 3. liga A2 2009/2010"]
[Site "?"]
[Date "2010.01.17"]
[Round "6.6"]
[White "Hrubsa, Marian"]
[Black "Zajicek, Ferdinand"]
[Result "1-0"]
[WhiteElo "1930"]
[BlackElo "1924"]
[PlyCount "39"]
[EventDate "2009.??.??"]

1. e4 e5 2. Nf3 d6 3. d4 Nd7 4. Bc4 Be7 5. dxe5 dxe5 6. Qd5 Nh6 7. Bxh6 O-O 8.
Be3 c6 9. Qd2 Nb6 10. Qxd8 Rxd8 11. Bxb6 axb6 12. Nxe5 Bf6 13. f4 Rd4 14. Bd3
Raa4 15. Nc3 Rab4 16. b3 Rd8 17. Ne2 Bg4 18. a3 Rxd3 19. axb4 Rd8 20. Rd1 1-0

[Event "SR 3. liga A2 2009/2010"]
[Site "?"]
[Date "2010.01.17"]
[Round "6.7"]
[White "Kastler, Peter"]
[Black "Vach, Jozef"]
[Result "0-1"]
[WhiteElo "1721"]
[BlackElo "1907"]
[PlyCount "152"]
[EventDate "2009.??.??"]

1. d4 d5 2. c4 e6 3. Nc3 Nf6 4. Nf3 c6 5. e3 Nbd7 6. Bd3 dxc4 7. Bxc4 b5 8. Bd3
Bb7 9. O-O a6 10. Bd2 Be7 11. Rc1 O-O 12. Qe2 c5 13. Rfd1 c4 14. Bc2 Nb6 15. b3
b4 16. Nb1 c3 17. Be1 Ne4 18. d5 f5 19. dxe6 Qc8 20. Nd4 Bd5 21. f3 Nd6 22. Bg3
Bxe6 23. Bxd6 Bxd6 24. Nxf5 Bxh2+ 25. Kxh2 Bxf5 26. e4 Qc7+ 27. Kg1 Bg6 28. Rd4
Qc5 29. Qf2 a5 30. Rdd1 Qc7 31. Rd4 Rae8 32. Rcd1 Re6 33. Qe2 Qc5 34. Qf2 Be8
35. Rd8 Qe5 36. Qd4 Qg3 37. Qf2 Qc7 38. Qd4 Qf4 39. Rd6 Rxd6 40. Qxd6 Qe3+ 41.
Kh2 Qf2 42. Qe7 Nc8 43. Qe5 Bf7 44. Rc1 Qb6 45. Rd1 Re8 46. Qd4 Qxd4 47. Rxd4
Ne7 48. Rd6 Ra8 49. Kg3 Kf8 50. Kf2 Ke8 51. Ke3 Nc8 52. Rd1 Nb6 53. Rd6 Nc8 54.
Rd1 Ke7 55. Rd3 Nb6 56. Nxc3 bxc3 57. Rxc3 Rc8 58. Rxc8 Nxc8 59. Kd4 Bg6 60.
Kc5 Be8 61. Bd3 h6 62. Bb5 Bf7 63. Ba4 Be6 64. Kb5 Kd6 65. Kxa5 Kc5 66. b4+ Kd4
67. Bb3 Bd7 68. a4 Kc3 69. Bd5 Kd4 70. b5 Kc5 71. Bb7 Nb6 72. f4 Be6 73. f5 Bf7
74. e5 Bc4 75. f6 Bxb5 76. fxg7 Nc4# 0-1

[Event "SR 3. liga A2 2009/2010"]
[Site "?"]
[Date "2010.01.17"]
[Round "6.8"]
[White "Vogl, Zdenek"]
[Black "Papanek, Lubomir"]
[Result "0-1"]
[WhiteElo "1887"]
[BlackElo "1663"]
[PlyCount "112"]
[EventDate "2009.??.??"]

1. e4 c5 2. Nf3 d6 3. d4 cxd4 4. Nxd4 Nf6 5. Nc3 a6 6. Bg5 e6 7. Bc4 h6 8. Bxf6
Qxf6 9. O-O Nc6 10. Nce2 e5 11. Nf3 Bg4 12. Ng3 Be7 13. Be2 O-O 14. c3 Qe6 15.
h3 Bxf3 16. Bxf3 g6 17. Bg4 Qc4 18. Be2 Qc5 19. Qd3 Bh4 20. Kh2 Ne7 21. f4 exf4
22. Rxf4 Bxg3+ 23. Qxg3 Qe5 24. Raf1 d5 25. Bd3 g5 26. R4f3 Qxg3+ 27. Kxg3 Kg7
28. Kg4 Ng6 29. Kg3 Ne5 30. Re3 Nxd3 31. Rxd3 dxe4 32. Rd7 b5 33. Re7 Rae8 34.
Ra7 Re6 35. h4 gxh4+ 36. Kxh4 Kg6 37. Kg3 f5 38. Kf4 h5 39. Rd1 Rfe8 40. Ke3
R8e7 41. Ra8 Re8 42. Rxe8 Rxe8 43. Rd6+ Kg5 44. Rxa6 f4+ 45. Ke2 h4 46. Ra5 Kg4
47. Rxb5 f3+ 48. gxf3+ exf3+ 49. Kf1 h3 50. Rb7 Re5 51. Rg7+ Rg5 52. Rh7 Kg3
53. a4 h2 54. b4 Rg4 55. Rxh2 Kxh2 56. Kf2 Rc4 0-1

[Event "SR 3. liga A2 2009/2010"]
[Site "?"]
[Date "2010.01.31"]
[Round "7.1"]
[White "Pagerka, Martin"]
[Black "Lukac, Tomas"]
[Result "1/2-1/2"]
[WhiteElo "2097"]
[BlackElo "1932"]
[PlyCount "82"]
[EventDate "2009.??.??"]

1. Nf3 d6 2. d4 Bg4 3. c4 Nd7 4. Nc3 Ngf6 5. Be3 c6 6. Qb3 Qb6 7. Qxb6 Nxb6 8.
Nd2 e6 9. f3 Bf5 10. Bf2 e5 11. e4 exd4 12. Ne2 Be6 13. Nxd4 Be7 14. Rc1 O-O
15. a3 Rfe8 16. Nxe6 fxe6 17. b4 Nbd7 18. Bd3 d5 19. c5 Ne5 20. Bb1 a5 21. Bd4
Nfd7 22. f4 Ng6 23. O-O axb4 24. axb4 Ra4 25. Bc3 Bf6 26. e5 Be7 27. Nb3 Ngf8
28. Na5 b6 29. cxb6 Bxb4 30. Bxb4 Rxb4 31. Nxc6 Rxb6 32. f5 exf5 33. Ba2 g6 34.
Bxd5+ Kg7 35. g4 Rb5 36. Rcd1 Nxe5 37. gxf5 gxf5 38. Rxf5 Nfg6 39. Nxe5 Rxe5
40. Rxe5 Nxe5 41. Be4 Rb2 $11 1/2-1/2

[Event "SR 3. liga A2 2009/2010"]
[Site "?"]
[Date "2010.01.31"]
[Round "7.2"]
[White "Pagac, Robert"]
[Black "Hecko, Dusan"]
[Result "0-1"]
[WhiteElo "1830"]
[BlackElo "2115"]
[PlyCount "56"]
[EventDate "2009.??.??"]

1. e4 c6 2. d4 d5 3. exd5 cxd5 4. Nf3 Nc6 5. c3 Nf6 6. Be2 Bf5 7. Nh4 Bg6 8.
Nxg6 hxg6 9. Nd2 e6 10. Nf3 Be7 11. Qc2 Rc8 12. Bb5 a6 13. Bxc6+ Rxc6 14. Ne5
Rc8 15. Be3 b5 16. a3 Qb6 17. Qd3 Bd6 18. f3 Qc7 19. Bf4 Nh5 20. Be3 Bxe5 21.
dxe5 Qxe5 22. Kf2 Nf6 23. g3 Qc7 24. Rae1 Qc4 25. Qd2 a5 26. Bd4 Ke7 27. Kg2
Rc6 28. Qc2 Qxd4 0-1

[Event "SR 3. liga A2 2009/2010"]
[Site "?"]
[Date "2010.01.31"]
[Round "7.3"]
[White "Diviak, Rastislav"]
[Black "Brisudova, Veronika"]
[Result "1-0"]
[WhiteElo "2043"]
[BlackElo "1737"]
[PlyCount "109"]
[EventDate "2009.??.??"]

1. e4 c5 2. Nf3 d6 3. d4 cxd4 4. Nxd4 Nf6 5. Nc3 a6 6. Be2 e6 7. O-O Be7 8. f4
Qc7 9. Kh1 O-O 10. Qe1 b5 11. a3 Bb7 12. Bf3 Nbd7 13. Qg3 Rfc8 14. e5 Nd5 15.
Nxd5 Bxd5 16. Bxd5 exd5 17. Nf5 Bf8 18. exd6 Qxc2 19. Nh6+ Kh8 20. Nxf7+ Kg8
21. Qg4 Kxf7 22. Qxd7+ Kg8 23. Qe6+ Kh8 24. d7 Rd8 25. Be3 Qc7 26. Qxd5 Qxd7
27. Qxd7 Rxd7 28. Rad1 Rad8 29. Rxd7 Rxd7 30. Rc1 Kg8 31. Kg1 Be7 32. Kf2 Bf6
33. Rc2 Kf7 34. Ke2 Re7 35. Rd2 Rc7 36. Bd4 Bxd4 37. Rxd4 Rc2+ 38. Rd2 Rc4 39.
Ke3 Rc6 40. g4 Ke6 41. h4 Rc1 42. f5+ Ke5 43. Rd7 Rh1 44. Rxg7 Rxh4 45. Re7+
Kd5 46. Kf3 Rh3+ 47. Kf4 Rh2 48. Rd7+ Kc6 49. Rd3 Rxb2 50. f6 Rf2+ 51. Ke5 Re2+
52. Kf5 a5 53. f7 b4 54. axb4 axb4 55. Rf3 1-0

[Event "SR 3. liga A2 2009/2010"]
[Site "?"]
[Date "2010.01.31"]
[Round "7.4"]
[White "Harasta, Juraj"]
[Black "Cajka, Tibor"]
[Result "0-1"]
[WhiteElo "1688"]
[BlackElo "1932"]
[PlyCount "90"]
[EventDate "2009.??.??"]

1. e4 c5 2. Nf3 a6 3. d4 cxd4 4. Nxd4 Nf6 5. f3 e5 6. Nb3 Nc6 7. Be3 d5 8. exd5
Nxd5 9. Bf2 Be6 10. Bc4 Bb4+ 11. c3 Be7 12. O-O O-O 13. Nc5 Bxc5 14. Bxc5 Re8
15. Re1 Rc8 16. Bf2 Na5 17. Bxd5 Bxd5 18. Nd2 Nc4 19. b3 Nxd2 20. Qxd2 Qa5 21.
Rad1 Rcd8 22. c4 Qxd2 23. Rxd2 Bc6 24. Red1 Rxd2 25. Rxd2 f6 26. Bb6 Kf7 27.
Kf2 Ke6 28. b4 h5 29. Rb2 Ra8 30. Ke3 g5 31. Rd2 Rg8 32. g3 h4 33. f4 exf4+ 34.
gxf4 Kf5 35. fxg5 Re8+ 36. Kf2 fxg5 37. Re2 Rf8 38. Bc7 Kg4+ 39. Ke1 Kh3 40.
Re3+ Bf3 41. Kf2 g4 42. c5 Rf5 43. Rd3 g3+ 44. Kg1 Be2 45. Kh1 Rf1# 0-1

[Event "SR 3. liga A2 2009/2010"]
[Site "?"]
[Date "2010.01.31"]
[Round "7.5"]
[White "Pericka, Tomas"]
[Black "Harastova, Viera"]
[Result "1-0"]
[WhiteElo "1910"]
[BlackElo "1651"]
[PlyCount "53"]
[EventDate "2009.??.??"]

1. e4 e5 2. Nf3 Nc6 3. Bc4 Nf6 4. d3 Bc5 5. O-O d6 6. Re1 O-O 7. c3 Be6 8. Nbd2
Ng4 9. Rf1 Bxc4 10. Nxc4 b5 11. Ne3 Nxe3 12. Bxe3 Bxe3 13. fxe3 a6 14. Qe1 f5
15. exf5 Rxf5 16. e4 Rf4 17. Qg3 Qe7 18. b4 Raf8 19. a4 Qe6 20. axb5 axb5 21.
Nd2 Rxf1+ 22. Rxf1 Rxf1+ 23. Nxf1 Ne7 24. Ne3 Qb3 25. Qg4 Qxc3 26. Qe6+ Kf8 27.
Qxe7+ 1-0

[Event "SR 3. liga A2 2009/2010"]
[Site "?"]
[Date "2010.01.31"]
[Round "7.6"]
[White "Harasta, Marian"]
[Black "Hanzluvka, Peter"]
[Result "0-1"]
[WhiteElo "1608"]
[BlackElo "2007"]
[PlyCount "76"]
[EventDate "2009.??.??"]

1. d4 Nf6 2. c4 e6 3. Nc3 d5 4. Nf3 c6 5. Bg5 Be7 6. e3 Nbd7 7. cxd5 cxd5 8.
Bb5 a6 9. Ba4 O-O 10. O-O h6 11. Bh4 b5 12. Bc2 Bb7 13. a3 Re8 14. Rc1 Rc8 15.
Qd3 Nf8 16. Ne5 N6d7 17. Nxd7 Qxd7 18. Bxe7 Qxe7 19. f4 Rc4 20. Rce1 b4 21. Bb3
Rc7 22. Na4 Bc6 23. Nc5 Bb5 24. Qd2 Bxf1 25. Kxf1 bxa3 26. bxa3 Ra8 27. Qd3 Nd7
28. Bc2 f5 29. Nxd7 Qxd7 30. g4 Rac8 31. Bd1 Rc4 32. gxf5 exf5 33. Bf3 Qe6 34.
Qb3 Kh7 35. Qb7 R8c6 36. Re2 Rc1+ 37. Kf2 Qg6 38. Re1 R6c2+ 0-1

[Event "SR 3. liga A2 2009/2010"]
[Site "?"]
[Date "2010.01.31"]
[Round "7.7"]
[White "Skapik, Branislav"]
[Black "Berger, Patrik"]
[Result "1-0"]
[WhiteElo "1847"]
[BlackElo "1627"]
[PlyCount "61"]
[EventDate "2009.??.??"]

1. e4 c5 2. Nc3 Nc6 3. g3 d6 4. Bg2 Nf6 5. d3 g6 6. f4 Bg4 7. Nge2 Qd7 8. h3
Bxe2 9. Nxe2 Bg7 10. g4 Ng8 11. c3 e6 12. Be3 Nge7 13. d4 b6 14. Qd2 Na5 15. b3
Nb7 16. Rd1 Rd8 17. O-O d5 18. e5 Rc8 19. c4 dxc4 20. Bxb7 Qxb7 21. dxc5 Nd5
22. cxb6 c3 23. Qd3 axb6 24. Qb5+ Qc6 25. Qxc6+ Rxc6 26. Bd4 c2 27. Rd2 O-O 28.
Rc1 Nb4 29. a3 Na2 30. Rcxc2 Nb4 31. axb4 1-0

[Event "SR 3. liga A2 2009/2010"]
[Site "?"]
[Date "2010.01.31"]
[Round "7.8"]
[White "Drabek, Martin"]
[Black "Nemeckayova, Monika"]
[Result "1/2-1/2"]
[WhiteElo "1449"]
[BlackElo "1751"]
[PlyCount "53"]
[EventDate "2009.??.??"]

1. e4 c5 2. Nf3 d6 3. d4 cxd4 4. Nxd4 Nc6 5. Bb5 Bd7 6. Bxc6 bxc6 7. Nc3 g6 8.
O-O Bg7 9. Be3 Nf6 10. Qd2 O-O 11. Bh6 Qb6 12. Bxg7 Kxg7 13. Rab1 Ng4 14. Nf3
Qc5 15. Qd4+ Qxd4 16. Nxd4 Ne5 17. b3 Rab8 18. h3 c5 19. Nde2 Bb5 20. Nxb5 Rxb5
21. Nc3 Rb4 22. f3 Rfb8 23. Nd5 R4b7 24. Ne3 a5 25. a4 Rb4 26. Nd5 R4b7 27. Ne3
1/2-1/2

[Event "SR 3. liga A2 2009/2010"]
[Site "?"]
[Date "2010.01.31"]
[Round "7.1"]
[White "Kovacocy, Pavel"]
[Black "Abel, Peter"]
[Result "1/2-1/2"]
[WhiteElo "2241"]
[BlackElo "2191"]
[PlyCount "34"]
[EventDate "2009.??.??"]

1. e4 Nf6 2. e5 Nd5 3. d4 d6 4. Nf3 Bg4 5. Be2 c6 6. O-O Bxf3 7. Bxf3 dxe5 8.
dxe5 e6 9. b3 Nd7 10. Bb2 Qc7 11. Re1 a5 12. g3 Bc5 13. Nd2 Bb4 14. c4 Ne7 15.
a3 Bxd2 16. Qxd2 O-O 17. Qc3 Rfd8 1/2-1/2

[Event "SR 3. liga A2 2009/2010"]
[Site "?"]
[Date "2010.01.31"]
[Round "7.2"]
[White "Mihalik, Marek"]
[Black "Cechovic, Stefan"]
[Result "1/2-1/2"]
[WhiteElo "2090"]
[BlackElo "2181"]
[PlyCount "40"]
[EventDate "2009.??.??"]

1. d4 d5 2. c4 e6 3. Nc3 Nf6 4. Bg5 Be7 5. e3 O-O 6. Nf3 Nbd7 7. Rc1 c6 8. a3
b6 9. cxd5 exd5 10. Bd3 Bb7 11. O-O Ne4 12. Bxe7 Qxe7 13. Qe2 a5 14. Nd2 Nxc3
15. Rxc3 c5 16. Rfc1 c4 17. Bf5 b5 18. e4 g6 19. Bxd7 Qxd7 20. e5 Kg7 $11
1/2-1/2

[Event "SR 3. liga A2 2009/2010"]
[Site "?"]
[Date "2010.01.31"]
[Round "7.3"]
[White "Liptak, Tomas"]
[Black "Manak, Jozef"]
[Result "1-0"]
[WhiteElo "2036"]
[BlackElo "2017"]
[PlyCount "120"]
[EventDate "2009.??.??"]

1. e4 c5 2. Nf3 a6 3. d4 cxd4 4. Nxd4 Nf6 5. Nc3 e5 6. Nb3 Bb4 7. Bg5 h6 8.
Bxf6 Qxf6 9. Qd3 O-O 10. Be2 d5 11. Qxd5 Rd8 12. Qc4 Nc6 13. Bd1 Be6 14. Qe2
Nd4 15. Qe3 Bc4 16. Rb1 Rac8 17. a3 Bxc3+ 18. bxc3 Nb5 19. a4 Nd6 20. Na5 Qg6
21. Bf3 b5 22. axb5 axb5 23. h4 f5 24. Rd1 fxe4 25. h5 Qf5 26. Nxc4 Rxc4 27.
Be2 Rcc8 28. O-O Qf4 29. Qb6 Qf6 30. Rd5 Rb8 31. Qc6 Rbc8 32. Qb6 Rb8 33. Qc6
Rbc8 34. Qb6 Rb8 35. Qa5 Nc4 36. Bxc4 bxc4 37. Rfd1 Rf8 38. Qc5 Rb2 39. R1d2
Rb1+ 40. Rd1 Rxd1+ 41. Rxd1 Qf7 42. Re1 Qxh5 43. Qxc4+ Kh8 44. Qxe4 Qf5 45. f3
Qxe4 46. Rxe4 Rf5 47. c4 Kg8 48. c5 Kf7 49. c6 Ke6 50. c7 Kd7 51. Rc4 Rf8 52.
Kf2 Rc8 53. Ke3 Rxc7 54. Rxc7+ Kxc7 55. Ke4 Kd6 56. Kf5 g5 57. c4 Kc5 58. Kxe5
h5 59. Kf5 g4 60. f4 Kxc4 1-0

[Event "SR 3. liga A2 2009/2010"]
[Site "?"]
[Date "2010.01.31"]
[Round "7.4"]
[White "Mihalik, Anton"]
[Black "Sarmir, Milos"]
[Result "0-1"]
[WhiteElo "1961"]
[BlackElo "2090"]
[PlyCount "146"]
[EventDate "2009.??.??"]

1. e4 e5 2. Nf3 Nc6 3. Bb5 a6 4. Ba4 Nf6 5. d3 d6 6. c3 Be7 7. O-O b5 8. Bc2
O-O 9. h3 Re8 10. Re1 Bf8 11. Bg5 Ne7 12. Nbd2 Ng6 13. Nf1 c5 14. Ng3 h6 15.
Be3 Be6 16. d4 Qc7 17. d5 Bd7 18. Nh2 Qc8 19. Nh5 Nxh5 20. Qxh5 Qd8 21. g3 Ne7
22. Ng4 Bxg4 23. hxg4 f6 24. f4 Kh7 25. g5 fxg5 26. fxg5 g6 27. Qh3 Ng8 28. Rf1
Ra7 29. Rf2 Qd7 30. Qh4 Bg7 31. Raf1 Qd8 32. Bd1 Rf8 33. Bg4 Rxf2 34. Rxf2 Qe7
35. Be6 Qd8 36. Qh3 a5 37. g4 b4 38. gxh6 Bf6 39. Qf3 Bh4 40. Bxg8+ Kxg8 41.
Rh2 Rf7 42. Qe2 Kh7 43. Bf2 Bg5 44. Be3 Bf4 45. Rg2 Qg5 46. Bxf4 Rxf4 47. Qb5
Rf7 48. Qe2 bxc3 49. bxc3 Qc1+ 50. Kh2 Rf1 51. Qd2 Qxd2 52. Rxd2 Kxh6 53. Kg3
Kg5 54. Rb2 Rf4 55. Rb6 Rxe4 56. Rxd6 Re3+ 57. Kf2 Rxc3 58. Re6 Kxg4 59. Rxe5
Kf4 60. Re6 g5 61. Ke2 c4 62. Rc6 Ke5 63. d6 Ke6 64. a4 g4 65. Ra6 g3 66. Rxa5
Kxd6 67. Rg5 Ra3 68. a5 g2 69. Kf2 Ra2+ 70. Ke3 c3 71. Kd3 c2 72. Kd2 c1=Q+ 73.
Kxc1 g1=Q+ 0-1

[Event "SR 3. liga A2 2009/2010"]
[Site "?"]
[Date "2010.01.31"]
[Round "7.5"]
[White "Liptak, Dusan"]
[Black "Curidlo, Jan"]
[Result "1/2-1/2"]
[WhiteElo "1916"]
[BlackElo "1938"]
[PlyCount "82"]
[EventDate "2009.??.??"]

1. Nf3 Nf6 2. c4 c5 3. d4 cxd4 4. Nxd4 Nc6 5. Nc3 a6 6. e4 d6 7. Be2 e6 8. O-O
Be7 9. Be3 Bd7 10. f4 Qc7 11. Nb3 O-O 12. g4 Ne8 13. Na4 g6 14. f5 Ne5 15. Nb6
Rb8 16. Nxd7 Nxd7 17. g5 exf5 18. exf5 gxf5 19. Qd5 Ne5 20. Nd4 Ng7 21. h4 Qd8
22. Nxf5 Nxf5 23. Rxf5 Qc8 24. Raf1 Qe6 25. Qe4 Ng6 26. Qd4 Ne5 27. h5 Rbc8 28.
b3 Rcd8 29. Qf4 Rc8 30. Bd4 Nc6 31. Bd3 Nxd4 32. Qxd4 Rc5 33. Qf4 Rxf5 34. Bxf5
Qe5 35. Qg4 Qe3+ 36. Kh1 Qxg5 37. Qf3 Qh4+ 38. Bh3 h6 39. Rg1+ Bg5 40. Kh2 Kh8
41. Qg4 Qxg4 $11 1/2-1/2

[Event "SR 3. liga A2 2009/2010"]
[Site "?"]
[Date "2010.01.31"]
[Round "7.6"]
[White "Gono, Michal"]
[Black "Markuliak, Mario"]
[Result "1-0"]
[WhiteElo "1852"]
[BlackElo "1909"]
[PlyCount "95"]
[EventDate "2009.??.??"]

1. Nf3 Nf6 2. d4 g6 3. Bf4 Bg7 4. e3 O-O 5. Bd3 d5 6. Nbd2 Nbd7 7. O-O c5 8. c3
b6 9. h3 Bb7 10. Ne5 Nxe5 11. Bxe5 Nd7 12. Bxg7 Kxg7 13. Nf3 f6 14. Nh4 e5 15.
Bb5 a6 16. Bxd7 Qxd7 17. Nf3 exd4 18. exd4 Rfe8 19. Re1 Rxe1+ 20. Qxe1 Re8 21.
Qd2 Qc6 22. Re1 Rxe1+ 23. Qxe1 Bc8 24. Qe7+ Kg8 25. Qd8+ Kg7 26. Qe7+ Kg8 27.
a4 a5 28. dxc5 bxc5 29. Qd8+ Kg7 30. Qxa5 Bd7 31. b3 d4 32. cxd4 cxd4 33. Qd2
Bxh3 34. Qxd4 Be6 35. Qa7+ Kh6 36. Qe3+ Kg7 37. Nd4 Qd5 38. Nxe6+ Kf7 39. Nf4
Qd1+ 40. Kh2 g5 41. Qe6+ Kg7 42. Qe7+ Kg8 43. Qe8+ Kg7 44. Ne6+ Kh6 45. Qf8+
Kg6 46. Qg8+ Kf5 47. Ng7+ Kf4 48. Qc4+ 1-0

[Event "SR 3. liga A2 2009/2010"]
[Site "?"]
[Date "2010.01.31"]
[Round "7.7"]
[White "Hornak, Pavol"]
[Black "Manak, Adrian"]
[Result "0-1"]
[WhiteElo "1787"]
[BlackElo "1915"]
[PlyCount "88"]
[EventDate "2009.??.??"]

1. d4 d5 2. c4 c6 3. Nf3 Nf6 4. e3 Bf5 5. b3 e6 6. Nh4 Bxb1 7. Rxb1 Bb4+ 8. Bd2
Bxd2+ 9. Qxd2 Ne4 10. Qb4 Qxh4 11. g3 Qe7 12. Qxe7+ Kxe7 13. c5 Nd7 14. Bd3 e5
15. f3 Nef6 16. O-O Rhe8 17. b4 Kf8 18. b5 exd4 19. bxc6 bxc6 20. exd4 Rab8 21.
Kf2 Rxb1 22. Rxb1 Rb8 23. Rxb8+ Nxb8 24. g4 Ke7 25. Ke3 g5 26. h3 h6 27. Kd2
Ne8 28. Kc3 Nc7 29. Kd2 Ne6 30. Ke3 Nd7 31. Ba6 Ndxc5 32. dxc5 Nxc5 33. Bf1 Ne6
34. Kf2 Kd6 35. Ke2 d4 36. Kd3 Kd5 37. Kc2 Nf4 38. Kb3 d3 39. Kc3 c5 40. Bxd3
Nxd3 41. Kxd3 c4+ 42. Kc3 Kc5 43. a3 a6 44. Kc2 Kd4 0-1

[Event "SR 3. liga A2 2009/2010"]
[Site "?"]
[Date "2010.01.31"]
[Round "7.8"]
[White "Nemsak, Denis"]
[Black "Cisar, Marian"]
[Result "1-0"]
[WhiteElo "1645"]
[BlackElo "1683"]
[PlyCount "63"]
[EventDate "2009.??.??"]

1. c4 e5 2. Nc3 Nf6 3. Nf3 Nc6 4. d3 h6 5. g3 Bc5 6. Bg2 O-O 7. O-O d6 8. a3 a5
9. Bd2 Be6 10. Na4 Nd7 11. Nxc5 dxc5 12. Rb1 Qe7 13. Qb3 b6 14. Qa4 Qd6 15. Ne1
Ndb8 16. b4 Ra7 17. bxc5 Qxc5 18. Nf3 Nd4 19. Nxd4 Qxd4 20. Rfc1 Bd7 21. Qc2
Nc6 22. Be3 Qg4 23. h3 Qg6 24. c5 Nd4 25. Bxd4 exd4 26. cxb6 cxb6 27. Qb2 Re8
28. Qxd4 Rxe2 29. Rxb6 Be6 30. Rb8+ Kh7 31. Qxa7 Qxd3 32. Qc5 1-0

[Event "SR 3. liga A2 2009/2010"]
[Site "?"]
[Date "2010.01.31"]
[Round "7.1"]
[White "Kocmal, Jaroslav"]
[Black "Lesny, Stefan"]
[Result "1/2-1/2"]
[WhiteElo "2031"]
[BlackElo "2086"]
[PlyCount "35"]
[EventDate "2009.??.??"]

1. d4 d5 2. c4 c6 3. Nc3 e6 4. e3 f5 5. Nf3 Nf6 6. cxd5 exd5 7. Bd3 Bd6 8. Ne5
O-O 9. f4 Ne4 10. O-O Nd7 11. Bd2 Ndf6 12. Be1 Be6 13. Bh4 Qe8 14. Rc1 Qh5 15.
Qe1 Qe8 16. Rf3 Rc8 17. Rh3 Rc7 18. Rc2 $11 1/2-1/2

[Event "SR 3. liga A2 2009/2010"]
[Site "?"]
[Date "2010.01.31"]
[Round "7.2"]
[White "Merva, Frantisek"]
[Black "Halas, Miroslav"]
[Result "1/2-1/2"]
[WhiteElo "2053"]
[BlackElo "1939"]
[PlyCount "114"]
[EventDate "2009.??.??"]

1. d4 d5 2. c4 c6 3. Nf3 Nf6 4. Nc3 e6 5. e3 Nbd7 6. Qc2 Be7 7. e4 dxe4 8. Nxe4
b6 9. Bf4 O-O 10. Bd3 Bb7 11. Nd6 Qc7 12. c5 bxc5 13. dxc5 h6 14. Rd1 Nd5 15.
Bg3 Qa5+ 16. Qd2 Qxd2+ 17. Rxd2 Nxc5 18. Nxb7 Nxb7 19. O-O Bd6 20. Ne5 Bxe5 21.
Bxe5 f6 22. Bg3 Rfd8 23. Rfd1 Kf7 24. a3 f5 25. Be5 Nc5 26. Bb1 Nd7 27. Bg3 Ke7
28. f3 f4 29. Bf2 Ne5 30. Bc5+ Kf7 31. Ba2 a5 32. Kf2 Nd7 33. Bd6 g5 34. Rd3
N7b6 35. Bc7 Rdc8 36. Bxb6 Nxb6 37. Rd6 Nd5 38. Re1 Rab8 39. Re2 Ne3 40. Rxe6
Kg7 41. g3 Rxb2 42. Rxb2 Nd1+ 43. Ke2 Nxb2 44. gxf4 gxf4 45. Re4 c5 46. Rxf4 c4
47. Kd2 c3+ 48. Kc2 Nd3 49. Re4 Kf6 50. Bc4 Ne5 51. Kxc3 Kf5 52. Rh4 Kg5 53.
Rd4 Nxf3 54. Rd5+ Kf4 55. Rxa5 Nxh2 $11 56. Rh5 Ng4 57. Kb4 Ne3 1/2-1/2